[Event "CAN-ch Post-Secondary A"]
[Site "Waterloo CAN"]
[Date "2011.01.16"]
[Round "3.3"]
[White "Khor, Siang Choon"]
[Black "Clark, Robert1"]
[Result "0-1"]
[WhiteElo "1738"]
[BlackElo "1774"]
[PlyCount "90"]
[GameId "2160767909812896"]
[EventDate "2011.01.15"]
[EventType "team"]
[EventRounds "4"]
[EventCountry "CAN"]
[SourceTitle "EXT 2022"]
[Source "ChessBase"]
[SourceDate "2021.10.06"]
[SourceVersion "1"]
[SourceVersionDate "2021.10.06"]
[SourceQuality "1"]

1. e4 c5 2. Nf3 e6 3. d4 cxd4 4. Nxd4 a6 5. Bc4 Qc7 6. Bb3 Nf6 7. f3 Nc6 8. Nxc6 bxc6 9. Be3 d5 10. exd5 cxd5 11. O-O Bd6 12. g3 O-O 13. Bf2 Nd7 14. Nd2 Nc5 15. Rc1 Nxb3 16. axb3 Bb7 17. c4 Rfc8 18. c5 Be5 19. b4 Bxb2 20. Rb1 Bf6 21. Nb3 Bc6 22. Nd4 Rcb8 23. Nxc6 Qxc6 24. Qd3 Rb5 25. Rb3 Qb7 26. Rfb1 Rb8 27. Be1 a5 28. c6 Qxc6 29. bxa5 Rxb3 30. Rxb3 Ra8 31. Bf2 Bd8 32. Bb6 Bxb6+ 33. axb6 Rb8 34. Qe3 h6 35. Rb4 Rb7 36. Kf1 Kf8 37. Ke2 Qc2+ 38. Qd2 Qc5 39. Qb2 Qg1 40. Kd3 Qc5 41. Rb5 Qc4+ 42. Ke3 d4+ 43. Qxd4 Qxb5 44. Qd8+ Qe8 45. Qd6+ Kg8 0-1

[Event "CAN-ch Post-Secondary A"]
[Site "Waterloo CAN"]
[Date "2011.01.16"]
[Round "3.3"]
[White "McDonald, Justin"]
[Black "Lacau Rodean, Iulia"]
[Result "1-0"]
[WhiteElo "2006"]
[BlackElo "2073"]
[PlyCount "91"]
[GameId "2160767909812897"]
[EventDate "2011.01.15"]
[EventType "team"]
[EventRounds "4"]
[EventCountry "CAN"]
[SourceTitle "EXT 2022"]
[Source "ChessBase"]
[SourceDate "2021.10.06"]
[SourceVersion "1"]
[SourceVersionDate "2021.10.06"]
[SourceQuality "1"]

1. e4 c5 2. f4 d6 3. Nf3 Nc6 4. Nc3 e6 5. d3 g6 6. g3 Bg7 7. Bg2 Nge7 8. Be3 Nd4 9. Qd2 Rb8 10. Rb1 O-O 11. O-O Bd7 12. Ne2 Nxe2+ 13. Qxe2 a6 14. Rfd1 b5 15. e5 Qc7 16. d4 cxd4 17. exd6 Qxd6 18. Nxd4 Qc7 19. Nb3 Bc6 20. Nc5 Qc8 21. Bxc6 Qxc6 22. Nd7 Nd5 23. Nxb8 Rxb8 24. Bf2 Rc8 25. c3 Qc7 26. Bd4 Bxd4+ 27. Rxd4 Qc5 28. Qf2 a5 29. Rbd1 a4 30. a3 Kg7 31. g4 Nb6 32. Rd8 Qxf2+ 33. Kxf2 Rc5 34. Rb8 Nd5 35. Kg3 h6 36. h4 g5 37. hxg5 hxg5 38. fxg5 Kg6 39. Rb7 Kxg5 40. Rxf7 Kg6 41. Rb7 Kf6 42. Rh1 Ne7 43. Rh5 Nd5 44. Rhh7 Ke5 45. Rhf7 Nf6 46. g5 1-0

[Event "CAN-ch Post-Secondary A"]
[Site "Waterloo CAN"]
[Date "2011.01.16"]
[Round "3.4"]
[White "Pan, Neal"]
[Black "Roddick, Steve"]
[Result "1-0"]
[WhiteElo "2037"]
[BlackElo "1826"]
[PlyCount "115"]
[GameId "2160767909821091"]
[EventDate "2011.01.15"]
[EventType "team"]
[EventRounds "4"]
[EventCountry "CAN"]
[SourceTitle "EXT 2022"]
[Source "ChessBase"]
[SourceDate "2021.10.06"]
[SourceVersion "1"]
[SourceVersionDate "2021.10.06"]
[SourceQuality "1"]

1. e4 c5 2. c3 e6 3. Nf3 d5 4. exd5 exd5 5. d4 cxd4 6. Nxd4 Nf6 7. Nd2 Bd6 8. Bb5+ Bd7 9. Qe2+ Qe7 10. Bxd7+ Nbxd7 11. Nf5 Qxe2+ 12. Kxe2 Bf8 13. Nf3 g6 14. N5d4 Bg7 15. Rd1 O-O 16. Bf4 Nc5 17. Kf1 Nfe4 18. Nb5 Ne6 19. Be5 f6 20. Bd4 a6 21. Na3 Rfd8 22. Nc2 Rd6 23. Ne3 Rad8 24. Kg1 N4g5 25. Nxg5 Nxd4 26. Rxd4 fxg5 27. Rd3 d4 28. Rad1 Kf7 29. Nc2 Ke6 30. cxd4 g4 31. b3 Rd5 32. Kf1 Rh5 33. h3 gxh3 34. Rxh3 Rxh3 35. gxh3 Kf5 36. Ke2 Ke4 37. f3+ Kf4 38. Kd3 Rd7 39. Rf1 b5 40. Re1 Kg3 41. Re6 Ra7 42. Ke4 Kxh3 43. d5 Bf8 44. Nd4 Re7 45. Nc6 Rxe6+ 46. dxe6 h5 47. e7 Bxe7 48. Nxe7 g5 49. f4 g4 50. Nf5 h4 51. Ne3 Kg3 52. f5 h3 53. f6 h2 54. Nf1+ Kg2 55. Nxh2 Kxh2 56. f7 g3 57. f8=Q g2 58. Qf2 1-0

[Event "CAN-ch Post-Secondary A"]
[Site "Waterloo CAN"]
[Date "2011.01.16"]
[Round "3.4"]
[White "Peristy, Luke"]
[Black "Riordon, Jason"]
[Result "0-1"]
[WhiteElo "1650"]
[BlackElo "2049"]
[PlyCount "68"]
[GameId "2160767909821092"]
[EventDate "2011.01.15"]
[EventType "team"]
[EventRounds "4"]
[EventCountry "CAN"]
[SourceTitle "EXT 2022"]
[Source "ChessBase"]
[SourceDate "2021.10.06"]
[SourceVersion "1"]
[SourceVersionDate "2021.10.06"]
[SourceQuality "1"]

1. c4 e6 2. Nc3 c6 3. d4 d5 4. e3 Nf6 5. Nf3 Be7 6. Bd3 dxc4 7. Bxc4 b5 8. Bd3 Nbd7 9. O-O a6 10. Bc2 Bb7 11. e4 c5 12. d5 b4 13. dxe6 fxe6 14. Na4 Nxe4 15. Re1 Ndf6 16. Qe2 Qc7 17. Ng5 Nxg5 18. Bxg5 Bd5 19. Bxf6 Bxf6 20. Qh5+ Kd7 21. Qf7+ Kc6 22. Rxe6+ Bxe6 23. Qxe6+ Kb5 24. a3 Rhd8 25. axb4 cxb4 26. Qe2+ Qc4 27. Nc3+ bxc3 28. Ba4+ Kc5 29. Qe3+ Qd4 30. Qc1 Qd2 31. b4+ Kb6 32. Qa3 Qb2 33. Qxb2 cxb2 34. Rb1 Rac8 0-1

[Event "CAN-ch Post-Secondary A"]
[Site "Waterloo CAN"]
[Date "2011.01.16"]
[Round "3.4"]
[White "Suire, Benjamin"]
[Black "Yu, Jonathan"]
[Result "1/2-1/2"]
[WhiteElo "1765"]
[BlackElo "1969"]
[PlyCount "133"]
[GameId "2160767909821093"]
[EventDate "2011.01.15"]
[EventType "team"]
[EventRounds "4"]
[EventCountry "CAN"]
[SourceTitle "EXT 2022"]
[Source "ChessBase"]
[SourceDate "2021.10.06"]
[SourceVersion "1"]
[SourceVersionDate "2021.10.06"]
[SourceQuality "1"]

1. e4 e6 2. d4 d5 3. Nd2 c5 4. c3 Qb6 5. Ngf3 Nc6 6. exd5 exd5 7. Nb3 c4 8. Nbd2 Bd6 9. g3 Bf5 10. Nh4 Be6 11. Bg2 O-O-O 12. O-O Nf6 13. b4 g5 14. Nhf3 Rdg8 15. Nxg5 Nxd4 16. Nxc4 dxc4 17. Qxd4 Qxd4 18. cxd4 Nd5 19. Nxe6 fxe6 20. a3 Rg4 21. Bb2 Rg6 22. Bh3 Rhg8 23. Rfe1 Kd7 24. Rac1 b5 25. Re4 Nf4 26. Bf1 h5 27. h4 Nd5 28. Rc2 Nf6 29. Re3 Ng4 30. Rf3 Nf6 31. Bc1 Ne4 32. Bh3 Be7 33. Re2 Nd6 34. d5 Kd8 35. Bxe6 Re8 36. Kh2 Bf6 37. Rxf6 Rxf6 38. Bg5 Ref8 39. Bxf6+ Rxf6 40. Kg2 Nf5 41. f3 Ke8 42. Rd2 Ke7 43. Kf2 Ng7 44. Ke3 Nxe6 45. dxe6 Kxe6 46. g4 hxg4 47. fxg4 Rf1 48. Kd4 Rf4+ 49. Kc5 Rxg4 50. Re2+ Kd7 51. Kxb5 Rxh4 52. Rc2 Rh1 53. a4 Kc7 54. Rxc4+ Kb7 55. Rd4 a6+ 56. Kc5 Rc1+ 57. Rc4 Rxc4+ 58. Kxc4 Kc6 59. Kd4 Kd6 60. b5 axb5 61. axb5 Kc7 62. Kc5 Kb7 63. b6 Kb8 64. Kb4 Kc8 65. Ka4 Kb8 66. Kb5 Kb7 67. Kc5 1/2-1/2

[Event "CAN-ch Post-Secondary A"]
[Site "Waterloo CAN"]
[Date "2011.01.16"]
[Round "4.1"]
[White "Chung, Kevin"]
[Black "Voloaca, Mihnea"]
[Result "1-0"]
[WhiteElo "2284"]
[BlackElo "2338"]
[PlyCount "135"]
[GameId "2160767909821094"]
[EventDate "2011.01.15"]
[EventType "team"]
[EventRounds "4"]
[EventCountry "CAN"]
[SourceTitle "EXT 2022"]
[Source "ChessBase"]
[SourceDate "2021.10.06"]
[SourceVersion "1"]
[SourceVersionDate "2021.10.06"]
[SourceQuality "1"]

1. e4 e5 2. Nf3 Nc6 3. Bc4 Bc5 4. O-O d6 5. h3 Qf6 6. d3 h6 7. Be3 Nge7 8. Nc3 Ng6 9. Nd5 Qd8 10. c3 Bxe3 11. fxe3 O-O 12. Bb3 Nb8 13. c4 c6 14. Nc3 Nd7 15. Qe1 Nf6 16. Nh4 Nxh4 17. Qxh4 Be6 18. d4 Nh7 19. Qe1 a5 20. Rd1 Qe7 21. d5 Bd7 22. Qd2 c5 23. Ba4 Bc8 24. Qe1 Ng5 25. Qg3 g6 26. Rd2 Kg7 27. Rdf2 Nh7 28. Kh1 b6 29. Kh2 Ba6 30. Bb5 Bc8 31. Qf3 h5 32. Ba4 Rb8 33. Qg3 h4 34. Qf3 Qg5 35. g3 Ba6 36. Bb5 Bb7 37. Rg1 Bc8 38. Ne2 f5 39. Rfg2 fxe4 40. Qxe4 Bf5 41. Qxh4 Qxh4 42. gxh4 Be4 43. h5 Bxg2 44. Rxg2 g5 45. Bd7 Rf3 46. Ng3 Rbf8 47. Bg4 Rf2 48. Ne4 Rxg2+ 49. Kxg2 Rd8 50. Bf5 Nf8 51. Kg3 Kh6 52. Kg4 Nd7 53. Nxg5 Nf6+ 54. Kh4 Rg8 55. Nf7+ Kg7 56. Nxd6 Rh8 57. Bg6 Rb8 58. Kg5 Rf8 59. Nf5+ Kh8 60. Nh6 Nh7+ 61. Bxh7 Kxh7 62. Nf5 a4 63. d6 Kg8 64. Kg6 Rd8 65. Kf6 b5 66. Ke7 Rb8 67. d7 bxc4 68. a3 1-0

[Event "CAN-ch Post-Secondary A"]
[Site "Waterloo CAN"]
[Date "2011.01.16"]
[Round "4.1"]
[White "Modwal, Sankalp"]
[Black "Brammall, Stuart"]
[Result "1/2-1/2"]
[WhiteElo "2244"]
[BlackElo "1974"]
[PlyCount "90"]
[GameId "2160767909821095"]
[EventDate "2011.01.15"]
[EventType "team"]
[EventRounds "4"]
[EventCountry "CAN"]
[WhiteTeam "McGill"]
[BlackTeam "U of Toronto - B"]

1. e4 e5 2. Nf3 Nc6 3. Bc4 Nf6 4. d3 Bc5 5. c3 d6 6. O-O a6 7. Bb3 Ba7 8. Nbd2 h6 9. h3 Be6 10. Re1 O-O 11. Nf1 Re8 12. Be3 d5 13. Bxa7 Rxa7 14. Qe2 d4 15. Bxe6 Rxe6 16. Ng3 g6 17. Rac1 b6 18. c4 Nd7 19. Nd2 a5 20. Rf1 Nc5 21. a3 a4 22. Rcd1 Re8 23. Kh2 Ne6 24. Nf3 Qd6 25. Rde1 Na5 26. Nd2 Nb7 27. Qf3 Nbc5 28. Ne2 Kg7 29. Qg3 Raa8 30. Rd1 Rab8 31. Nf3 Nf8 32. Nh4 Kh7 33. f4 exf4 34. Nxf4 Re7 35. Nd5 Qxg3+ 36. Kxg3 Rd7 37. Nf6+ Kg7 38. Nxd7 Ncxd7 39. Nf3 Ne6 40. e5 b5 41. Rf2 bxc4 42. dxc4 Ndc5 43. Re2 d3 44. Re3 Rxb2 45. Ne1 Nd4 1/2-1/2

[Event "CAN-ch Post-Secondary A"]
[Site "Waterloo CAN"]
[Date "2011.01.16"]
[Round "4.1"]
[White "Stevens, Christian"]
[Black "Longo, Tyler"]
[Result "1-0"]
[WhiteElo "2338"]
[BlackElo "2031"]
[PlyCount "49"]
[GameId "2160767909821097"]
[EventDate "2011.01.15"]
[EventType "team"]
[EventRounds "4"]
[EventCountry "CAN"]
[SourceTitle "EXT 2022"]
[Source "ChessBase"]
[SourceDate "2021.10.06"]
[SourceVersion "1"]
[SourceVersionDate "2021.10.06"]
[SourceQuality "1"]

1. e4 d5 2. exd5 Nf6 3. d4 Bg4 4. Be2 Bxe2 5. Qxe2 Qxd5 6. Nf3 Nc6 7. O-O O-O-O 8. Be3 e6 9. c4 Qf5 10. Nc3 Be7 11. Rac1 Rhe8 12. Rfd1 Kb8 13. c5 Nd5 14. b4 Ncxb4 15. Nxd5 Nxd5 16. c6 Nb6 17. cxb7 Kxb7 18. Ne5 f6 19. Rxc7+ Kxc7 20. Qa6 Qxe5 21. Qxa7+ Kc6 22. Rc1+ Bc5 23. dxc5 Rd5 24. Qa5 Nc4 25. Qa4+ 1-0

[Event "CAN-ch Post-Secondary A"]
[Site "Waterloo CAN"]
[Date "2011.01.16"]
[Round "4.2"]
[White "Kleinman, Robert"]
[Black "Ramaswamy, Kishor"]
[Result "0-1"]
[WhiteElo "1878"]
[BlackElo "2177"]
[PlyCount "110"]
[GameId "2160767909821099"]
[EventDate "2011.01.15"]
[EventType "team"]
[EventRounds "4"]
[EventCountry "CAN"]
[SourceTitle "EXT 2022"]
[Source "ChessBase"]
[SourceDate "2021.10.06"]
[SourceVersion "1"]
[SourceVersionDate "2021.10.06"]
[SourceQuality "1"]

1. d4 d5 2. c4 c6 3. Nc3 Nf6 4. Nf3 a6 5. Bg5 Ne4 6. Nxe4 dxe4 7. Ng1 h6 8. Bf4 e5 9. dxe5 Qb6 10. Qc2 Bc5 11. O-O-O Bxf2 12. Nh3 Be3+ 13. Bxe3 Qxe3+ 14. Qd2 Qxd2+ 15. Rxd2 Bf5 16. Nf4 Nd7 17. e6 Bxe6 18. Nxe6 fxe6 19. g3 Nf6 20. Bg2 Ke7 21. Rhd1 c5 22. Rd6 Rab8 23. Bh3 Rhe8 24. Rxe6+ Kf7 25. Rb6 Re7 26. Rdd6 Rbe8 27. e3 h5 28. Bf5 Rb8 29. Be6+ Kf8 30. h3 Rc7 31. Bf5 Ke7 32. Re6+ Kf7 33. Bxe4 Nxe4 34. Rxe4 Rd8 35. Re5 Rcd7 36. Rd5 g5 37. Kc2 Rxd5 38. cxd5 Rxd5 39. Rxb7+ Ke6 40. Rb6+ Kf5 41. Rxa6 Ke4 42. Ra3 Rf5 43. g4 Rf2+ 44. Kc3 h4 45. Ra4+ Kf3 46. Rc4 Kg3 47. Rxc5 Kxh3 48. Rxg5 Rg2 49. Rg8 Rxg4 50. Re8 Kg3 51. Rh8 h3 52. Rxh3+ Kxh3 53. a4 Kg3 54. b4 Kf3 55. Kb3 Kxe3 0-1

[Event "CAN-ch Post-Secondary A"]
[Site "Waterloo CAN"]
[Date "2011.01.16"]
[Round "4.3"]
[White "Clark, Robert1"]
[Black "Gellner, Nicholas"]
[Result "1/2-1/2"]
[WhiteElo "1774"]
[BlackElo "1824"]
[PlyCount "24"]
[GameId "2160767909821100"]
[EventDate "2011.01.15"]
[EventType "team"]
[EventRounds "4"]
[EventCountry "CAN"]
[SourceTitle "EXT 2022"]
[Source "ChessBase"]
[SourceDate "2021.10.06"]
[SourceVersion "1"]
[SourceVersionDate "2021.10.06"]
[SourceQuality "1"]

1. d4 d5 2. c4 dxc4 3. e3 Nf6 4. Bxc4 e6 5. Nf3 c5 6. O-O Nc6 7. dxc5 Qxd1 8. Rxd1 Bxc5 9. a3 a6 10. b4 Be7 11. Bb2 O-O 12. Nbd2 b5 1/2-1/2

[Event "CAN-ch Post-Secondary A"]
[Site "Waterloo CAN"]
[Date "2011.01.16"]
[Round "4.3"]
[White "Lacau Rodean, Iulia"]
[Black "Riordon, Jason"]
[Result "1-0"]
[WhiteElo "2073"]
[BlackElo "2049"]
[PlyCount "42"]
[GameId "2160767909821101"]
[EventDate "2011.01.15"]
[EventType "team"]
[EventRounds "4"]
[EventCountry "CAN"]
[SourceTitle "EXT 2022"]
[Source "ChessBase"]
[SourceDate "2021.10.06"]
[SourceVersion "1"]
[SourceVersionDate "2021.10.06"]
[SourceQuality "1"]

1. e4 e6 2. Nf3 d5 3. exd5 exd5 4. d4 Bd6 5. Bd3 Ne7 6. Nc3 c6 7. Be3 Bg4 8. h3 Bf5 9. g4 Bxd3 10. Qxd3 Nd7 11. Nh4 g6 12. O-O-O Qc7 13. Qd2 O-O-O 14. Kb1 Rdf8 15. Bh6 Re8 16. Ng2 Nf8 17. Bf4 Ne6 18. Bxd6 Qxd6 19. f4 b5 20. h4 h5 21. f5 gxf5 1-0

[Event "CAN-ch Post-Secondary A"]
[Site "Waterloo CAN"]
[Date "2011.01.16"]
[Round "4.3"]
[White "McDonald, Justin"]
[Black "Ferreira, Alex"]
[Result "1-0"]
[WhiteElo "2006"]
[BlackElo "2080"]
[PlyCount "45"]
[GameId "2160767909821102"]
[EventDate "2011.01.15"]
[EventType "team"]
[EventRounds "4"]
[EventCountry "CAN"]
[SourceTitle "EXT 2022"]
[Source "ChessBase"]
[SourceDate "2021.10.06"]
[SourceVersion "1"]
[SourceVersionDate "2021.10.06"]
[SourceQuality "1"]

1. e4 e5 2. Nf3 Nc6 3. Bb5 Nf6 4. Nc3 Bb4 5. d3 Nd4 6. Ba4 b5 7. Bb3 d6 8. h3 a5 9. a3 Nxb3 10. cxb3 Bc5 11. Be3 Bxe3 12. fxe3 Bd7 13. O-O O-O 14. Qe2 Qb8 15. b4 axb4 16. axb4 Qb7 17. Rac1 Ra7 18. Nh4 d5 19. Rxf6 gxf6 20. Nxd5 Qa6 21. Qh5 f5 22. Qg5+ Kh8 23. Nf6 1-0

[Event "CAN-ch Post-Secondary A"]
[Site "Waterloo CAN"]
[Date "2011.01.16"]
[Round "4.3"]
[White "Ramaswamy, Kiran"]
[Black "Todd, Adrienne"]
[Result "1-0"]
[WhiteElo "1943"]
[BlackElo "1749"]
[PlyCount "125"]
[GameId "2160767909821103"]
[EventDate "2011.01.15"]
[EventType "team"]
[EventRounds "4"]
[EventCountry "CAN"]
[SourceTitle "EXT 2022"]
[Source "ChessBase"]
[SourceDate "2021.10.06"]
[SourceVersion "1"]
[SourceVersionDate "2021.10.06"]
[SourceQuality "1"]

1. c4 e5 2. g3 Nf6 3. Bg2 d5 4. cxd5 Nxd5 5. Nc3 Nb6 6. d3 Be7 7. Nf3 Nc6 8. O-O O-O 9. b3 Be6 10. Bb2 Qd7 11. Ne4 f6 12. d4 exd4 13. Nxd4 Nxd4 14. Qxd4 Qxd4 15. Bxd4 c6 16. Nc5 Bxc5 17. Bxc5 Rfe8 18. e4 Nd7 19. Bd6 Rad8 20. f4 Nb6 21. Bb4 Rd4 22. Bc3 Rd3 23. Rac1 Red8 24. Rfe1 Kf7 25. Bf1 R3d6 26. f5 Bc8 27. g4 g6 28. g5 gxf5 29. Bxf6 Re8 30. e5 Rd2 31. Be2 Ke6 32. Rcd1 Rxd1 33. Rxd1 Nd5 34. h4 Rg8 35. Bd3 Kf7 36. Rf1 Kg6 37. Be2 Kf7 38. Kh2 a5 39. a4 Bd7 40. Bd3 Kg6 41. Kh3 Be6 42. h5+ Kxh5 43. Bxf5 Bxf5+ 44. Rxf5 Kg6 45. Rf2 Kf7 46. Kh4 Ke6 47. Rc2 Nf4 48. Rc5 Ra8 49. Kg4 Ng6 50. Kh5 Kf7 51. Kh6 Nf8 52. Rc1 Rc8 53. Rd1 b5 54. Rd8 Rxd8 55. Bxd8 bxa4 56. bxa4 c5 57. Bxa5 c4 58. Bd2 Ke6 59. a5 Kxe5 60. a6 Nd7 61. a7 Nb6 62. Kxh7 Ke6 63. g6 1-0

[Event "CAN-ch Post-Secondary A"]
[Site "Waterloo CAN"]
[Date "2011.01.16"]
[Round "4.4"]
[White "Moisseev, Dmitri"]
[Black "Pan, Neal"]
[Result "1-0"]
[WhiteElo "1881"]
[BlackElo "2037"]
[PlyCount "79"]
[GameId "2160767909821104"]
[EventDate "2011.01.15"]
[EventType "team"]
[EventRounds "4"]
[EventCountry "CAN"]
[SourceTitle "EXT 2022"]
[Source "ChessBase"]
[SourceDate "2021.10.06"]
[SourceVersion "1"]
[SourceVersionDate "2021.10.06"]
[SourceQuality "1"]

1. e4 d6 2. d4 Nf6 3. Nd2 g6 4. Ngf3 Bg7 5. Be2 O-O 6. c3 c5 7. b3 Qa5 8. Nc4 Qc7 9. Qd3 d5 10. exd5 Bf5 11. d6 exd6 12. Qd1 Ne4 13. Bb2 d5 14. Ne3 Be6 15. O-O cxd4 16. cxd4 Nc6 17. Rc1 Qa5 18. a3 Rac8 19. Qd3 Nd6 20. Rc5 Qd8 21. Rfc1 Re8 22. Qd1 Nf5 23. Nxf5 Bxf5 24. Bb5 Qd6 25. Ne5 Re7 26. Bxc6 bxc6 27. Nxc6 Rec7 28. Nxa7 Rxc5 29. dxc5 Bxb2 30. Nxc8 Qe6 31. Nd6 Bxc1 32. Qxc1 Bc2 33. h3 Bd3 34. Qe3 Ba6 35. Qxe6 fxe6 36. f4 Kf8 37. b4 Ke7 38. b5 Bxb5 39. Nxb5 Kd7 40. Nd4 1-0

[Event "CAN-ch Post-Secondary A"]
[Site "Waterloo CAN"]
[Date "2011.01.16"]
[Round "4.4"]
[White "Yu, Jonathan"]
[Black "Roddick, Steve"]
[Result "1-0"]
[WhiteElo "1969"]
[BlackElo "1826"]
[PlyCount "50"]
[GameId "2160767909821106"]
[EventDate "2011.01.15"]
[EventType "team"]
[EventRounds "4"]
[EventCountry "CAN"]
[SourceTitle "EXT 2022"]
[Source "ChessBase"]
[SourceDate "2021.10.06"]
[SourceVersion "1"]
[SourceVersionDate "2021.10.06"]
[SourceQuality "1"]

1. e4 c5 2. Nf3 d6 3. c3 Nf6 4. Bb5+ Nbd7 5. Qe2 e6 6. d4 a6 7. Bd3 Qc7 8. O-O Be7 9. Bg5 b6 10. e5 dxe5 11. dxe5 Nd5 12. c4 Nb4 13. Bxe7 Kxe7 14. Be4 Nc6 15. Nc3 Bb7 16. Nd5+ exd5 17. cxd5 Kf8 18. dxc6 Bxc6 19. Bxc6 Qxc6 20. Rad1 Re8 21. Rfe1 Re6 22. Rd6 Qxd6 23. exd6 Rxe2 24. Rxe2 Nb8 25. Ne5 Ke8 1-0

[Event "CAN-ch Post-Secondary B"]
[Site "Waterloo CAN"]
[Date "2011.01.15"]
[Round "1"]
[White "Evoy, Darin"]
[Black "Rabethge, Derrick"]
[Result "0-1"]
[WhiteElo "1410"]
[BlackElo "1634"]
[PlyCount "64"]
[GameId "2160767909821107"]
[EventDate "2011.01.15"]
[EventType "team"]
[EventRounds "4"]
[EventCountry "CAN"]

1. d4 Nf6 2. c4 d6 3. Nc3 g6 4. e4 Bg7 5. Nf3 O-O 6. Be2 Nbd7 7. O-O e5 8. d5 Nc5 9. Qc2 h6 10. b4 Ncd7 11. Bb2 Nh7 12. Rac1 f5 13. Nd2 f4 14. Bg4 Ndf6 15. Bxc8 Rxc8 16. c5 Ng5 17. h4 Ngh7 18. cxd6 cxd6 19. Nf3 Ng4 20. Qd3 h5 21. g3 fxg3 22. fxg3 Qb6+ 23. Kg2 Ne3+ 24. Kh3 Nxf1 25. Rxf1 Qxb4 26. Qb5 Qc5 27. Qxb7 Rb8 28. Qd7 Rxb2 29. Na4 Qc2 30. Nxb2 Qxb2 31. Qe6+ Kh8 32. Qxg6 Qe2 0-1

[Event "CAN-ch Post-Secondary B"]
[Site "Waterloo CAN"]
[Date "2011.01.15"]
[Round "1"]
[White "Varma, Robert"]
[Black "Azad, Alec"]
[Result "1-0"]
[WhiteElo "1873"]
[BlackElo "1469"]
[PlyCount "107"]
[GameId "2160767909821108"]
[EventDate "2011.01.15"]
[EventType "team"]
[EventRounds "4"]
[EventCountry "CAN"]

1. d4 d5 2. Nf3 Bf5 3. e3 e6 4. Nbd2 c5 5. c4 Nf6 6. Be2 Nc6 7. b3 b6 8. Bb2 g6 9. Ne5 Nb4 10. O-O Bg7 11. a3 Nc2 12. Rc1 dxc4 13. Bxc4 cxd4 14. Bb5+ Kf8 15. Rxc2 Bxc2 16. Qxc2 dxe3 17. fxe3 a6 18. Nc6 Qd6 19. Be2 Rc8 20. Bxf6 Rxc6 21. Bxg7+ Kxg7 22. Qb2+ Kg8 23. Nc4 Qc5 24. Qf6 Rc7 25. Rd1 Rc8 26. Ne5 Qf8 27. Rd7 Qg7 28. Qxf7+ Qxf7 29. Nxf7 e5 30. Bxa6 Ra8 31. Bc4 Rxa3 32. Nxh8+ Kxh8 33. Re7 b5 34. Bd5 Ra6 35. Rxe5 Kg7 36. e4 h5 37. Rg5 Rd6 38. Kf2 Kh6 39. h4 Kg7 40. Kf3 Kf8 41. g4 hxg4+ 42. Kxg4 Kg7 43. h5 b4 44. hxg6 Rxg6 45. Kf5 Rxg5+ 46. Kxg5 Kf8 47. Kf6 Ke8 48. e5 Kf8 49. e6 Ke8 50. Bc6+ Kd8 51. e7+ Kc7 52. Ba4 Kd6 53. e8=Q Kd5 54. Qe5# 1-0

[Event "CAN-ch Post-Secondary B"]
[Site "Waterloo CAN"]
[Date "2011.01.15"]
[Round "1.1"]
[White "Thompson, Dan"]
[Black "Wang, Liquan"]
[Result "0-1"]
[WhiteElo "1704"]
[BlackElo "1855"]
[PlyCount "51"]
[GameId "2160767909821109"]
[EventDate "2011.01.15"]
[EventType "team"]
[EventRounds "4"]
[EventCountry "CAN"]
[WhiteTeam "Carleton"]
[BlackTeam "U of Guelph - B"]

1. d4 Nf6 2. c4 e6 3. Nf3 b6 4. Nc3 Bb4 5. Qb3 c5 6. a3 Bxc3+ 7. bxc3 Qc7 8. g3 Ba6 9. Bf4 Qc6 10. Rc1 O-O 11. Bg2 Qb7 12. O-O d5 13. Ne5 Nbd7 14. cxd5 exd5 15. c4 cxd4 16. cxd5 Bxe2 17. d6 Qa6 18. Bxa8 Bxf1 19. Rxf1 Nxe5 20. Bxe5 Rxa8 21. Bxf6 gxf6 22. Qd5 Rd8 23. Qxd4 Qxa3 24. Rd1 Qf3 25. Rd3 Qf5 26. Rf3 0-1

[Event "CAN-ch Post-Secondary B"]
[Site "Waterloo CAN"]
[Date "2011.01.15"]
[Round "2"]
[White "Azad, Alec"]
[Black "Agda, Romeo"]
[Result "1-0"]
[WhiteElo "1469"]
[BlackElo "1396"]
[PlyCount "65"]
[GameId "2160767909821110"]
[EventDate "2011.01.15"]
[EventType "team"]
[EventRounds "4"]
[EventCountry "CAN"]
[WhiteTeam "U of Waterloo - C"]
[BlackTeam "U of Guelph - B"]

1. e4 c5 2. c3 a6 3. d4 e6 4. Nf3 h6 5. d5 exd5 6. exd5 Qe7+ 7. Be2 d6 8. O-O Nf6 9. Re1 Kd7 10. Bb5+ axb5 11. Rxe7+ Bxe7 12. Qb3 Ra5 13. a4 b6 14. Ra3 Bb7 15. axb5 Rxa3 16. Qxa3 Nxd5 17. c4 Nc7 18. Bf4 g5 19. Bg3 Bf6 20. Qd3 Be7 21. Nbd2 Bxf3 22. Nxf3 Ne6 23. Qd5 Kc7 24. Ne5 Nd4 25. Nxf7 Ne2+ 26. Kf1 Nxg3+ 27. hxg3 Rh7 28. Qf5 Rg7 29. Qe6 Bf8 30. Qe8 Rg8 31. Qd8+ Kb7 32. Nxd6+ Ka7 33. Qc7+ 1-0

[Event "CAN-ch Post-Secondary B"]
[Site "Waterloo CAN"]
[Date "2011.01.16"]
[Round "4"]
[White "Chelli, Mangal"]
[Black "Cui, Maylin"]
[Result "1-0"]
[WhiteElo "1590"]
[BlackElo "1379"]
[PlyCount "109"]
[GameId "2160767909821111"]
[EventDate "2011.01.15"]
[EventType "team"]
[EventRounds "4"]
[EventCountry "CAN"]
[WhiteTeam "McMaster"]
[BlackTeam "U of Waterloo - C"]

1. e4 e5 2. Nf3 Nc6 3. Bb5 Nge7 4. Nc3 a6 5. Bc4 h6 6. d4 b5 7. Bb3 exd4 8. Nxd4 Nxd4 9. Qxd4 Nc6 10. Qd1 Bb7 11. Qf3 Ne5 12. Qh5 Ng6 13. O-O Bb4 14. Nd5 Bxd5 15. Bxd5 c6 16. Bb3 O-O 17. a4 Qe7 18. c3 Bd6 19. Bc2 Qe5 20. Qxe5 Bxe5 21. f4 Bc7 22. Be3 d6 23. f5 Ne5 24. f6 Nc4 25. fxg7 Kxg7 26. Bd4+ f6 27. axb5 c5 28. Bf2 axb5 29. b3 Rxa1 30. Rxa1 Ne5 31. Ra7 Rf7 32. Be1 c4 33. Rb7 cxb3 34. Bxb3 Re7 35. Bd5 Nd3 36. Bg3 Nc5 37. Rxb5 Nxe4 38. Bxe4 Rxe4 39. Rb7 Rc4 40. Bxd6 Kg6 41. Rxc7 Rxc7 42. Bxc7 Kf7 43. Kf2 Ke6 44. Ke3 h5 45. h4 f5 46. Kf4 Kf6 47. c4 Ke7 48. c5 Kd7 49. Bd6 Ke6 50. Kg5 Kf7 51. Kxf5 Ke8 52. c6 Kd8 53. c7+ Kd7 54. g3 Kc8 55. Ke6 1-0